[Event "Finale du championnat de corse individue"]
[Site "Bastia"]
[Date "2014.06.23"]
[Round "7.2"]
[White "Bigonnet, Jean-Michel"]
[Black "Humeau, Cyril"]
[Result "1/2-1/2"]
[WhiteElo "2003"]
[BlackElo "2312"]
[PlyCount "112"]
[EventDate "2014.??.??"]

1. e4 e5 2. Nf3 Nf6 3. Nxe5 d6 4. Nf3 Nxe4 5. Nc3 Nxc3 6. dxc3 Nc6 7. Be3 Be6
8. Qd2 Qd7 9. Bd3 Be7 10. Nd4 Nxd4 11. cxd4 d5 12. O-O O-O 13. c3 Bf5 14. Be2
Rfe8 15. Bf3 c6 16. Rfe1 Bg4 17. Qd1 Bxf3 18. Qxf3 Bf8 19. Rac1 Qe6 20. Kf1 Qg6
21. Bf4 Qf5 22. g4 Rxe1+ 23. Rxe1 Qc2 24. Qe2 Qxe2+ 25. Rxe2 f6 26. Kg2 Kf7 27.
Kf3 Re8 28. Rxe8 Kxe8 29. Bb8 a6 30. Kf4 Kf7 31. h4 Ke6 32. h5 g6 33. hxg6 hxg6
34. Kg3 c5 35. Bf4 b5 36. Be3 Bd6+ 37. Bf4 cxd4 38. cxd4 Be7 39. Bd2 Bd6+ 40.
Kf3 f5 41. g5 Bc7 42. b4 Bd6 43. a3 Bc7 44. Bf4 Bb6 45. Be3 a5 46. Kg3 Bc7+ 47.
f4 Bd6 48. Bd2 Kd7 49. Kf3 Kc6 50. Bc3 Kb7 51. Kg3 Ka6 52. Kf3 axb4 53. axb4
Ka7 54. Kg3 Ka6 55. Kf3 Ka7 56. Kg3 Ka6 1/2-1/2

[Event "Finale du championnat de corse individue"]
[Site "Bastia"]
[Date "2014.06.23"]
[Round "7.3"]
[White "Utrera, Ludovic"]
[Black "Lhostis, Florian"]
[Result "1-0"]
[WhiteElo "2002"]
[BlackElo "1778"]
[PlyCount "47"]
[EventDate "2014.??.??"]

1. e4 e6 2. Nf3 d5 3. Nc3 dxe4 4. Nxe4 Nd7 5. Bc4 Ngf6 6. d3 Be7 7. Neg5 h6 8.
Ne4 a6 9. Qe2 b5 10. Bb3 Bb7 11. Bf4 Nxe4 12. dxe4 Nc5 13. Rd1 Qc8 14. Ne5 O-O
15. Qg4 Bf6 16. f3 Bxe5 17. Bxe5 f6 18. Bf4 Kh7 19. Be3 Nxb3 20. cxb3 e5 21.
Rd7 Rg8 22. Qf5+ Kh8 23. Bxh6 Bc6 24. Be3 1-0

[Event "Finale du championnat de corse individue"]
[Site "Bastia"]
[Date "2014.06.23"]
[Round "7.4"]
[White "Bouslimi, Nabil"]
[Black "Guillemart, Serge"]
[Result "1/2-1/2"]
[WhiteElo "1728"]
[BlackElo "1771"]
[PlyCount "112"]
[EventDate "2014.??.??"]

1. d4 d6 2. c4 e5 3. Nf3 e4 4. Nfd2 f5 5. e3 Nf6 6. Nc3 g6 7. Be2 Bg7 8. O-O
O-O 9. f3 exf3 10. Nxf3 Nc6 11. Rb1 Qe7 12. b4 Bh6 13. Qd3 Ng4 14. e4 fxe4 15.
Qxe4 Qxe4 16. Nxe4 Bxc1 17. Rfxc1 Bf5 18. Bd3 Rae8 19. Re1 Kg7 20. b5 Na5 21.
Rbc1 Nf6 22. Nfd2 Nxe4 23. Bxe4 Bxe4 24. Nxe4 Rf4 25. Ng5 Rxe1+ 26. Rxe1 Kh6
27. Ne6 Rf7 28. d5 Nxc4 29. Re4 Rf1+ 30. Kxf1 Nd2+ 31. Ke1 Nxe4 32. Nxc7 Kg5
33. Ne6+ Kf6 34. Ke2 Ke5 35. Ke3 Nc3 36. Kd2 Nxb5 37. Nf8 Kxd5 38. Nxh7 Ke4 39.
Nf8 Kf5 40. Kd3 Nc7 41. h4 Nd5 42. Kd4 Ne7 43. g3 Kg4 44. Nxg6 Nxg6 45. Kd5 Ne5
46. Kxd6 Nc4+ 47. Kc7 b5 48. Kb7 Ne3 49. Ka6 Nd1 50. Kxb5 Nc3+ 51. Ka6 Nxa2 52.
Kxa7 Nc3 53. Kb6 Ne4 54. h5 Kxh5 55. g4+ Kg5 56. Ka5 Kxg4 1/2-1/2